<?xml version="1.0" encoding="UTF-8"?>
<collection xmlns="http://www.loc.gov/MARC21/slim">
 <record>
  <leader>03400cam a22005532  4500</leader>
  <controlfield tag="001">1073948811</controlfield>
  <controlfield tag="003">DE-627</controlfield>
  <controlfield tag="005">20231025225514.0</controlfield>
  <controlfield tag="007">tu</controlfield>
  <controlfield tag="008">850101s1969    xx ||||| m    00| ||ger c</controlfield>
  <datafield tag="035" ind1=" " ind2=" ">
   <subfield code="a">(DE-627)1073948811</subfield>
  </datafield>
  <datafield tag="035" ind1=" " ind2=" ">
   <subfield code="a">(DE-576)003948811</subfield>
  </datafield>
  <datafield tag="035" ind1=" " ind2=" ">
   <subfield code="a">(DE-599)BSZ003948811</subfield>
  </datafield>
  <datafield tag="035" ind1=" " ind2=" ">
   <subfield code="a">(OCoLC)1729173</subfield>
  </datafield>
  <datafield tag="035" ind1=" " ind2=" ">
   <subfield code="a">(OCoLC)01729173</subfield>
  </datafield>
  <datafield tag="035" ind1=" " ind2=" ">
   <subfield code="a">(OCoLC)1050488074</subfield>
  </datafield>
  <datafield tag="035" ind1=" " ind2=" ">
   <subfield code="a">(DE-604)803105269x</subfield>
  </datafield>
  <datafield tag="040" ind1=" " ind2=" ">
   <subfield code="a">DE-627</subfield>
   <subfield code="b">ger</subfield>
   <subfield code="c">DE-627</subfield>
   <subfield code="e">rakwb</subfield>
  </datafield>
  <datafield tag="041" ind1=" " ind2=" ">
   <subfield code="a">ger</subfield>
  </datafield>
  <datafield tag="084" ind1=" " ind2=" ">
   <subfield code="a">NT 3600</subfield>
   <subfield code="2">rvk</subfield>
   <subfield code="0">(DE-625)rvk/131059:</subfield>
  </datafield>
  <datafield tag="084" ind1=" " ind2=" ">
   <subfield code="a">PW 5200</subfield>
   <subfield code="2">rvk</subfield>
   <subfield code="0">(DE-625)rvk/140924:</subfield>
  </datafield>
  <datafield tag="084" ind1=" " ind2=" ">
   <subfield code="a">NT 6002</subfield>
   <subfield code="2">rvk</subfield>
   <subfield code="0">(DE-625)rvk/131071:</subfield>
  </datafield>
  <datafield tag="084" ind1=" " ind2=" ">
   <subfield code="a">PW 5700</subfield>
   <subfield code="2">rvk</subfield>
   <subfield code="0">(DE-625)rvk/140931:</subfield>
  </datafield>
  <datafield tag="100" ind1="1" ind2=" ">
   <subfield code="a">Droege, Georg</subfield>
   <subfield code="d">1929-1993</subfield>
   <subfield code="0">(DE-588)119152495</subfield>
   <subfield code="0">(DE-627)079947999</subfield>
   <subfield code="0">(DE-576)160785766</subfield>
   <subfield code="4">aut</subfield>
  </datafield>
  <datafield tag="245" ind1="1" ind2="0">
   <subfield code="a">Landrecht und Lehnrecht im hohen Mittelalter</subfield>
   <subfield code="c">von Georg Droege</subfield>
  </datafield>
  <datafield tag="264" ind1=" " ind2="1">
   <subfield code="a">Bonn</subfield>
   <subfield code="b">Röhrscheid</subfield>
   <subfield code="c">1969</subfield>
  </datafield>
  <datafield tag="300" ind1=" " ind2=" ">
   <subfield code="a">242 S.</subfield>
  </datafield>
  <datafield tag="336" ind1=" " ind2=" ">
   <subfield code="a">Text</subfield>
   <subfield code="b">txt</subfield>
   <subfield code="2">rdacontent</subfield>
  </datafield>
  <datafield tag="337" ind1=" " ind2=" ">
   <subfield code="a">ohne Hilfsmittel zu benutzen</subfield>
   <subfield code="b">n</subfield>
   <subfield code="2">rdamedia</subfield>
  </datafield>
  <datafield tag="338" ind1=" " ind2=" ">
   <subfield code="a">Band</subfield>
   <subfield code="b">nc</subfield>
   <subfield code="2">rdacarrier</subfield>
  </datafield>
  <datafield tag="490" ind1="0" ind2=" ">
   <subfield code="a">Veröffentlichung des Instituts für Geschichtliche Landeskunde der Rheinlande an der Universität Bonn</subfield>
  </datafield>
  <datafield tag="502" ind1=" " ind2=" ">
   <subfield code="a">Zugl.: Bonn, Univ., Habil.-Schr., 1965</subfield>
  </datafield>
  <datafield tag="655" ind1=" " ind2="7">
   <subfield code="a">Hochschulschrift</subfield>
   <subfield code="0">(DE-588)4113937-9</subfield>
   <subfield code="0">(DE-627)105825778</subfield>
   <subfield code="0">(DE-576)209480580</subfield>
   <subfield code="2">gnd-content</subfield>
  </datafield>
  <datafield tag="689" ind1="0" ind2="0">
   <subfield code="d">s</subfield>
   <subfield code="0">(DE-588)4034332-7</subfield>
   <subfield code="0">(DE-627)106253301</subfield>
   <subfield code="0">(DE-576)209006285</subfield>
   <subfield code="a">Landrecht</subfield>
   <subfield code="2">gnd</subfield>
  </datafield>
  <datafield tag="689" ind1="0" ind2=" ">
   <subfield code="5">(DE-627)</subfield>
  </datafield>
  <datafield tag="689" ind1="1" ind2="0">
   <subfield code="d">s</subfield>
   <subfield code="0">(DE-588)4035070-8</subfield>
   <subfield code="0">(DE-627)104270616</subfield>
   <subfield code="0">(DE-576)209010657</subfield>
   <subfield code="a">Lehnsrecht</subfield>
   <subfield code="2">gnd</subfield>
  </datafield>
  <datafield tag="689" ind1="1" ind2=" ">
   <subfield code="5">(DE-627)</subfield>
  </datafield>
  <datafield tag="751" ind1=" " ind2=" ">
   <subfield code="a">Bonn</subfield>
   <subfield code="0">(DE-588)4007666-0</subfield>
   <subfield code="0">(DE-627)106372270</subfield>
   <subfield code="0">(DE-576)208871632</subfield>
   <subfield code="4">uvp</subfield>
  </datafield>
  <datafield tag="787" ind1="0" ind2="8">
   <subfield code="i">Rezensiert in</subfield>
   <subfield code="a">Auer, Leopold, 1944 - </subfield>
   <subfield code="t">[Rezension von: Georg Droege, Landrecht und Lehnrecht im hohen Mittelalter]</subfield>
   <subfield code="d">München : Wilhelm Fink Verlag, 1973</subfield>
   <subfield code="w">(DE-627)1577639812</subfield>
   <subfield code="w">(DE-576)507639812</subfield>
  </datafield>
  <datafield tag="856" ind1="4" ind2="2">
   <subfield code="u">http://d-nb.info/456489320/04</subfield>
   <subfield code="m">V:DE-605</subfield>
   <subfield code="q">application/pdf</subfield>
   <subfield code="3">Inhaltsverzeichnis</subfield>
  </datafield>
  <datafield tag="936" ind1="r" ind2="v">
   <subfield code="a">NT 3600</subfield>
   <subfield code="b">Lehensrecht</subfield>
   <subfield code="k">Geschichte</subfield>
   <subfield code="k">Allgemeine Rechts-, Verfassungs- und Verwaltungsgeschichte</subfield>
   <subfield code="k">Darstellungen zur Rechts-, Verfassungs- und Verwaltungsgeschichte</subfield>
   <subfield code="k">Geschichte einzelner Rechtsinstitute</subfield>
   <subfield code="k">Lehensrecht</subfield>
   <subfield code="0">(DE-627)1271538520</subfield>
   <subfield code="0">(DE-625)rvk/131059:</subfield>
   <subfield code="0">(DE-576)201538520</subfield>
  </datafield>
  <datafield tag="936" ind1="r" ind2="v">
   <subfield code="a">PW 5200</subfield>
   <subfield code="b">Darstellungen zur Reichsverfassung des Mittelalters</subfield>
   <subfield code="k">Rechtswissenschaft</subfield>
   <subfield code="k">Deutsche und ausländische Rechtsgeschichte</subfield>
   <subfield code="k">Darstellungen zur deutschen Rechtsgeschichte(PW 4200 auch für ausländische Rechtsgeschichte)</subfield>
   <subfield code="k">Darstellungen zur Reichsverfassung des Mittelalters</subfield>
   <subfield code="0">(DE-627)1270912763</subfield>
   <subfield code="0">(DE-625)rvk/140924:</subfield>
   <subfield code="0">(DE-576)200912763</subfield>
  </datafield>
  <datafield tag="936" ind1="r" ind2="v">
   <subfield code="a">NT 6002</subfield>
   <subfield code="b">Einzelbeiträge zum Mittelalter</subfield>
   <subfield code="k">Geschichte</subfield>
   <subfield code="k">Allgemeine Rechts-, Verfassungs- und Verwaltungsgeschichte</subfield>
   <subfield code="k">Darstellungen zur Rechts-, Verfassungs- und Verwaltungsgeschichte</subfield>
   <subfield code="k">Einzelne Staaten und Völker</subfield>
   <subfield code="k">Europa</subfield>
   <subfield code="k">Deutsche Rechtsgeschichte</subfield>
   <subfield code="k">Einzelbeiträge zum Mittelalter</subfield>
   <subfield code="0">(DE-627)1271538598</subfield>
   <subfield code="0">(DE-625)rvk/131071:</subfield>
   <subfield code="0">(DE-576)201538598</subfield>
  </datafield>
  <datafield tag="936" ind1="r" ind2="v">
   <subfield code="a">PW 5700</subfield>
   <subfield code="b">Darstellungen zum Lehnrecht</subfield>
   <subfield code="k">Rechtswissenschaft</subfield>
   <subfield code="k">Deutsche und ausländische Rechtsgeschichte</subfield>
   <subfield code="k">Darstellungen zur deutschen Rechtsgeschichte(PW 4200 auch für ausländische Rechtsgeschichte)</subfield>
   <subfield code="k">Darstellungen zum Lehnrecht</subfield>
   <subfield code="0">(DE-627)1271675994</subfield>
   <subfield code="0">(DE-625)rvk/140931:</subfield>
   <subfield code="0">(DE-576)201675994</subfield>
  </datafield>
  <datafield tag="951" ind1=" " ind2=" ">
   <subfield code="a">BO</subfield>
  </datafield>
  <datafield tag="990" ind1=" " ind2=" ">
   <subfield code="a">Landrecht</subfield>
  </datafield>
  <datafield tag="990" ind1=" " ind2=" ">
   <subfield code="a">Lehnsrecht</subfield>
  </datafield>
  <datafield tag="991" ind1=" " ind2=" ">
   <subfield code="a">Rezensiertes Werk</subfield>
  </datafield>
  <datafield tag="999" ind1=" " ind2=" ">
   <subfield code="a">KXP-PPN1073948811</subfield>
   <subfield code="e">4653372675</subfield>
  </datafield>
 </record>
</collection>
